| 000 | 00868cam a2200253 4500 | ||
|---|---|---|---|
| 008 | 090401t1992 xxu||||| |||| 00| 0 eng d | ||
| 020 | _a1853800554 | ||
| 035 | _a(Sirsi) u41416 | ||
| 041 | _aeng | ||
| 050 |
_a658.1552 _c18 |
||
| 100 | _aGreen, Stuart D. | ||
| 245 | 2 | _aA SMART methodology for value management | |
| 260 |
_aAscot _bCIOB _c1992 |
||
| 300 |
_av, 46p. _c30cm. |
||
| 350 | _a14 | ||
| 490 |
_aCIOB Occasional Paper _v53 |
||
| 520 | _aConsiders the application of value management during the briefing and outline design stages of developments. Recommends a simplified approach to decision modelling known as Simple Multi-Attribute Rating Techniques (SMART). | ||
| 650 | _aBUILT ENVIRONMENT-CONSTRUCTION DESIGN | ||
| 650 | _aDECISION MODELS | ||
| 650 | _aVALUE MANAGEMENT | ||
| 690 | _aBUILT ENVIRONMENT | ||
| 942 | _n0 | ||
| 948 | _c04/03/1997 | ||
| 999 |
_c90930 _d90930 |
||